| 000 | 01083nam0a22003131 4500 | ||
|---|---|---|---|
| 001 | RU\NLR\INFOCOMM_116\5000066448 | ||
| 005 | 20250613091419.0 | ||
| 035 | _a(NLR Aleph) 009107968 | ||
| 090 |
_a8142466 _c8142466 |
||
| 100 | _a20090203d1970 |||y0rusy50 ca | ||
| 101 | 0 | _aeng | |
| 102 | _aRU | ||
| 105 | _aa ||||000|y | ||
| 200 | 1 |
_aThe correlation study of turbulent diffusion in magnetic plasma _fA. B. Berezin, D. G. Buliginsky, M. I. Vildjunas _gUSSR Acad. of sciences. A. F. Ioffe physico-techn. inst. |
|
| 210 |
_aLeningrad _d1970 |
||
| 215 |
_a[1], 7 с. _cграфик. _d20 см |
||
| 309 | _aОтпеч. множит. аппаратом | ||
| 320 | _aБиблиогр.: с. 7 | ||
| 686 |
_aФз-1770 [В333.473] _2rubbk |
||
| 700 | 1 |
_aBerezin _bA. B. _4070 |
|
| 701 | 1 |
_9z01790 _aBulyginskij _bD. G. _4070 |
|
| 701 | 1 |
_9z02790 _aVil'džjunas _bM. I. _4070 |
|
| 790 | 1 |
_9z01701 _aBuliginsky _bD. G. _4070 |
|
| 790 | 1 |
_9z02701 _aVildjunas _bM. I. _4070 |
|
| 801 | 1 |
_aRU _bNLR _c20090203 |
|
| 801 | 0 |
_aRU _bNLR _gPSBO |
|
| 852 |
_aNLR _jФз01 Д-4/139 |
||
| 942 | _cBOOK | ||
| 980 | _aNB | ||